| 000 | 02075cam a22004094i 4500 | ||
|---|---|---|---|
| 003 | PE-LiUPU | ||
| 005 | 20250731173142.0 | ||
| 008 | 150623s r 000 0 d | ||
| 035 | _a(Sirsi) a27573 | ||
| 040 |
_aPE-LiUPU _bspa _cPE-LiUPU _erda |
||
| 082 | 0 | 4 |
_a289.9 _bW3Q _221 |
| 110 | 2 | _aWatchtower Bible and Tract Society | |
| 245 | 1 | 1 |
_a¿Qué ha hecho la religión para la humanidad? / _cWatchtower Bible and Tract Society. |
| 264 | 1 |
_aBrooklyn : _bWatchtower, _c1953. |
|
| 300 |
_a384 páginas ; _c18 cm. |
||
| 336 |
_atext _2rdacontent |
||
| 337 |
_aunmediated _2rdamedia |
||
| 338 |
_avolume _2rdacarrier |
||
| 505 | 0 | _a¿Qué ha hecho la religión para la humanidad?. La regla para juzgar la religión. Cuando había solamente una religión. Cómo principio la clase falsa. Desarrollo de la falsa antes del Diluvio. apostasía después del diluvio. Revelación adicional tocante al secreto sagfado. Culto aegipcio amenanza la adoración verdadera. Estableciendo una adoración nacional bajo la teocracia. Modelos proféticos. el transigir con demonoatría un lazo. Reino y sacerdocio por quyé separdos. Caída en la idolatría y recobro. el desarrollo del hinduísmo. Budimso,l una salvación por psicología. Confuianismo, un sitema de moralidad. El secreto sagrado de la Simiente resuelto. La religión roja y el hombre de iniquidad. | |
| 526 | _aSEG42 | ||
| 526 | _aSEG41 | ||
| 526 | _aSEG40 | ||
| 526 | _aSEG39 | ||
| 526 | _aP94 | ||
| 526 | _aP87 | ||
| 526 | _aP86 | ||
| 526 | _aP85 | ||
| 526 | _aP77 | ||
| 526 | _aP76 | ||
| 526 | _aP35 | ||
| 650 | 0 | 4 |
_aTestigos de Jehová _xDoctrina y controversia. |
| 942 |
_2ddc _cBOOK |
||
| 949 |
_a289.9 W3Q _wDEWEY _c1 _i52867 _lCCODEBUL1 _mBUL _p3.50 _r0 _sY _tBOOK _u2015-06-24 _xBIBLIOTECA _zUNKNOWN _0COMPRA _o.STAFF. Colección General |
||
| 596 | _a1 | ||
| 999 |
_a289.9 W3Q _wDEWEY _c34727 _i52867 _d34727 _f2021-11-11 _g5 _lCCODEBUL1 _mBUL _p3.50 _q1 _r0 _sY _tBOOK _u2015-6-24 _xTEOLOGIA _zUNKNOWN _0COMPRA _o.STAFF. Colección General |
||
| 980 |
_81 _gALBERTO SANCHEZ Responsable de Automatización |
||